Raíces psicológicas de la violencia
সংরক্ষণ করুন:
| প্রধান লেখক: | |
|---|---|
| বিন্যাস: | গ্রন্থ |
| ভাষা: | স্প্যানিশ |
| প্রকাশিত: |
Madrid
Fundación Santa María
1984
|
| মালা: | El valor de la vida humana, 5
|
| বিষয়গুলি: | |
| ট্যাগগুলো: |
ট্যাগ যুক্ত করুন
কোনো ট্যাগ নেই, প্রথমজন হিসাবে ট্যাগ করুন!
|
MARC
| LEADER | 00000nam a2200000 a 4500 | ||
|---|---|---|---|
| 001 | UCW6802 | ||
| 003 | CL-VaPUC | ||
| 008 | 920520e19840000SP |||||||||||||||||spa|d | ||
| 082 | 0 | 4 | |a 155.232 |b ALO |2 21 |
| 100 | 0 | |a Alonso-Fernández, Francisco |e author |9 311875 | |
| 245 | 1 | 0 | |a Raíces psicológicas de la violencia |
| 300 | |a 110 p | ||
| 942 | |c BK | ||
| 945 | |d 19920520 00:00:00 | ||
| 260 | |a Madrid |b Fundación Santa María |c 1984 | ||
| 650 | 0 | |a Violencia |9 255411 | |
| 650 | 0 | |a Aspectos psicológicos |9 258128 | |
| 650 | 0 | |a Agresividad |9 257862 | |
| 583 | |a last modification |c 20180326 03:43:57 |k Rodrigo Vera | ||
| 490 | 0 | |a El valor de la vida humana, 5 | |
| 999 | |c 219736 |d 219734 | ||
| 952 | |0 0 |1 0 |4 0 |6 155_232000000000000_ALO_1984 |7 0 |8 A |9 210997 |a BIBEDU |b BIBEDU |d 2019-11-15 |i 2792532 |o 155.232 ALO 1984 |p 2792532 |r 2019-11-15 |w 2019-11-15 |y BK |k EDU | ||
| 952 | |0 0 |1 0 |4 0 |6 155_232000000000000_ALO_1984 |7 0 |8 A |9 210998 |a BIBEDU |b BIBEDU |d 2019-11-15 |i 2792540 |o 155.232 ALO 1984 |p 2792540 |r 2019-11-15 |w 2019-11-15 |y BK |k EDU | ||